| 000 | 00451nam a22001577a 4500 | ||
|---|---|---|---|
| 082 | _a891.4393 UMA | ||
| 100 |
_aUmaira Ahmad _92510 |
||
| 245 | _aDarbar e dill | ||
| 260 |
_aLahore _bIlm o irfan publishers _c2012 |
||
| 300 |
_a144p. : _e22 cm |
||
| 650 | _aUrdu literature | ||
| 880 |
_6100\r _aعمیرہ احمد |
||
| 880 |
_6245\r _aدربار دل |
||
| 880 |
_6260\r _aلاہور: _bعلم و عرفان پبلشرز، _c2012۔ |
||
| 942 |
_cBK _2ddc |
||
| 999 |
_c11710 _d11710 |
||